ბათუმის შოთა რუსთაველის სახელმწიფო უნივერსიტეტის ბიბლიოთეკა

Историки Античности : (ბიბ.ჩანაწერი № 61184)

000 -LEADER
fixed length control field 00700nam a22001697a 4500
005 - DATE AND TIME OF LATEST TRANSACTION
control field 20231228131007.0
008 - FIXED-LENGTH DATA ELEMENTS--GENERAL INFORMATION
fixed length control field 231228s1989 ru ||||| |||| 00| 0 rus d
041 ## - LANGUAGE CODE
Language code of text/sound track or separate title rus
080 ## - UNIVERSAL DECIMAL CLASSIFICATION NUMBER
Universal Decimal Classification number 94()137+904(37) И-90
245 ## - TITLE STATEMENT
Title Историки Античности :
Remainder of title В Двух Томах. Древний Рим. Т.2 /
Statement of responsibility, etc. Составитель: М. Томашевская.
264 ## - PRODUCTION, PUBLICATION, DISTRIBUTION, MANUFACTURE, AND COPYRIGHT NOTICE
Place of production, publication, distribution, manufacture М.:
Name of producer, publisher, distributor, manufacturer Правда,
Date of production, publication, distribution, manufacture, or copyright notice 1989.
300 ## - PHYSICAL DESCRIPTION
Extent 640 с. ;
Other physical details 21 см.
653 ## - INDEX TERM--UNCONTROLLED
keyword ანტიკური ხანის ისტორიკოსები
653 ## - INDEX TERM--UNCONTROLLED
keyword ძველი რომი
700 ## - ADDED ENTRY--PERSONAL NAME
Personal name Томашевская, М.
Relator term შემდგენელი
9 (RLIN) 20923
942 ## - ADDED ENTRY ELEMENTS (KOHA)
Source of classification or shelving scheme
Koha item type წიგნი
ეგზემპლარები
Withdrawn status Lost status Source of classification or shelving scheme Damaged status Not for loan Permanent Location Current Location Shelving location Date acquired Cost, normal purchase price Full call number Barcode Date last seen Copy number Uniform Resource Identifier Price effective from Koha item type Public note
          ბათუმის შოთა რუსთაველის სახელმწიფო უნივერსიტეტის მთავარი ბიბლიოთეკა ბათუმის შოთა რუსთაველის სახელმწიფო უნივერსიტეტის მთავარი ბიბლიოთეკა წიგნსაცავი 2023-12-28 12.00 94()137+904(37) И-90 65703 2023-12-28 65703 ბსუ-ს საპატიო დოქტორის გურამ ლორთქიფანიძის საჩუქარი 2023-12-28 წიგნი 12 ლ.